| 000 | 00516nam a2200181Ia 4500 | ||
|---|---|---|---|
| 008 | 100917s9999 xx 000 0 und d | ||
| 082 | _b54858 | ||
| 100 | _aतडवी शांतादेवी | ||
| 245 | _aसंधिप्रकाश | ||
| 260 |
_bटिळक अशोक दे. _c1982 |
||
| 300 | _a--- | ||
| 365 | _b45 | ||
| 520 | _aचरित्र | ||
| 630 | _aसंधिप्रकाश | ||
| 650 | _aचरित्र | ||
| 730 | _aसंधिप्रकाश | ||
| 942 | _cBOOK | ||
| 999 |
_c660252 _d660249 |
||